| 000 | 00358 a2200157 4500 | ||
|---|---|---|---|
| 001 | 75435 | ||
| 020 | _a978-85-10-05447-8 | ||
| 040 | _cAnchieta - Colégio São Paulo | ||
| 100 | _aMurashima, Mary | ||
| 240 | 1 | 0 |
_aEntre linhas e pontos,1 _lpor |
| 245 | 1 | 0 | _aEntre linhas e pontos,1 |
| 300 | _a399 | ||
| 362 | 0 | _a2013 | |
| 650 | 4 | _aPortuguês | |
| 942 | _cBK | ||
| 999 |
_c75435 _d75435 |
||